[Event "GER Pfingstopen U25"]
[Site "Playchess.com INT"]
[Date "2020.06.02"]
[Round "11"]
[White "Gauchel, Lorenz"]
[Black "Klahold, Rona"]
[Result "0-1"]
[WhiteElo "1691"]
[BlackElo "1620"]
[PlyCount "112"]
[EventDate "2020.06.02"]
[EventType "swiss (blitz)"]
[EventRounds "11"]
[EventCountry "GER"]
[SourceTitle "CBM 197 Extra"]
[Source "ChessBase"]
[SourceDate "2020.09.30"]
[SourceVersion "1"]
[SourceVersionDate "2020.09.30"]
[SourceQuality "1"]

1. d4 d5 2. c4 Bf5 3. Nc3 e6 4. cxd5 exd5 5. Qb3 Nc6 6. e3 Nb4 7. Qa4+ Nc6 8. Nf3 Nf6 9. Be2 Bd6 10. 0-0 0-0 11. Bd2 Ne7 12. Nb5 c6 13. Nxd6 Qxd6 14. Bb4 Qd7 15. Qa3 Rfe8 16. Ne5 Qc7 17. Bd6 Qd8 18. Rac1 Ng6 19. Nf3 Ne4 20. Bb4 Qf6 21. Rfd1 Bg4 22. Be1 a6 23. b4 Rac8 24. Qb3 Nh4 25. Nxh4 Bxe2 26. g3 Bxd1 27. Qxd1 h6 28. Qg4 Qg5 29. Qe2 Re6 30. Nf3 Qg4 31. Kg2 Ng5 32. Ng1 Qxe2 33. Nxe2 Rf6 34. h4 Ne4 35. f3 Nd6 36. Nf4 Nc4 37. Bf2 Re8 38. Rc3 g5 39. hxg5 hxg5 40. Nh5 Rfe6 41. g4 Nxe3+ 42. Bxe3 Rxe3 43. Nf6+ Kf8 44. Rc1 R8e6 45. Nd7+ Kg7 46. Nc5 Re7 47. Kf2 Re2+ 48. Kg3 Rxa2 49. Rh1 Rb2 50. Nd3 Rd2 51. Ne5 Rxd4 52. Rh5 f6 53. f4 Rxb4 54. fxg5 Rxe5 55. gxf6+ Kxf6 56. Rxe5 Kxe5 0-1

[Event "GER Pfingstopen U25"]
[Site "Playchess.com INT"]
[Date "2020.06.02"]
[Round "8"]
[White "Gkegkas, Michail"]
[Black "Gauchel, Lorenz"]
[Result "0-1"]
[WhiteElo "1635"]
[BlackElo "1691"]
[PlyCount "76"]
[EventDate "2020.06.02"]
[EventType "swiss (blitz)"]
[EventRounds "11"]
[EventCountry "GER"]
[SourceTitle "CBM 197 Extra"]
[Source "ChessBase"]
[SourceDate "2020.09.30"]
[SourceVersion "1"]
[SourceVersionDate "2020.09.30"]
[SourceQuality "1"]

1. c4 e5 2. g3 Nf6 3. Bg2 d5 4. e3 c6 5. Ne2 Be6 6. f4 e4 7. Nd4 Bg4 8. Qb3 Qc8 9. cxd5 cxd5 10. Nc3 Qd7 11. 0-0 Nc6 12. Nxc6 bxc6 13. Qc2 Bh3 14. b3 Bxg2 15. Kxg2 Bd6 16. Bb2 0-0 17. Ne2 Be7 18. Rac1 Rac8 19. Qc3 c5 20. h3 Rc6 21. g4 h5 22. g5 Ne8 23. Ng3 h4 24. Nh5 Rg6 25. Kh2 Qd6 26. Kh1 Qd7 27. Kh2 Bd6 28. Rg1 Qf5 29. Kg2 Rxg5+ 30. fxg5 Qxg5+ 31. Kf1 Qf5+ 32. Nf4 f6 33. Rg3 hxg3 34. Kg2 Bxf4 35. exf4 Qxf4 36. Rf1 Qg5 37. Qxc5 Qh5 38. Qxd5+ Qxd5 0-1

[Event "GER Pfingstopen U25"]
[Site "Playchess.com INT"]
[Date "2020.06.02"]
[Round "1"]
[White "Koll, Linus"]
[Black "Gauchel, Lorenz"]
[Result "1-0"]
[WhiteElo "1620"]
[BlackElo "1691"]
[PlyCount "173"]
[EventDate "2020.06.02"]
[EventType "swiss (blitz)"]
[EventRounds "11"]
[EventCountry "GER"]
[SourceTitle "CBM 197 Extra"]
[Source "ChessBase"]
[SourceDate "2020.09.30"]
[SourceVersion "1"]
[SourceVersionDate "2020.09.30"]
[SourceQuality "1"]

1. e4 Nf6 2. e5 Nd5 3. c4 Nb6 4. d4 d6 5. exd6 exd6 6. Nf3 Be7 7. Bd3 Nc6 8. 0-0 0-0 9. Qc2 h6 10. Be3 Nb4 11. Qd1 Nxd3 12. Qxd3 d5 13. b3 dxc4 14. bxc4 Bf6 15. Nbd2 c5 16. Nb3 cxd4 17. Bxd4 Be6 18. Rac1 Rc8 19. c5 Nd5 20. Bxf6 Qxf6 21. Qd4 Qg6 22. Ne5 Qg5 23. Nf3 Qh5 24. Qe5 Qxe5 25. Nxe5 f6 26. Nf3 Nb4 27. a3 Na2 28. Rb1 Nc3 29. Rb2 Bxb3 30. Rxb3 Rxc5 31. Rxb7 Ra5 32. Rb3 Ne2+ 33. Kh1 Rf7 34. Re1 Nf4 35. g3 Nd5 36. Rd1 Re7 37. Kg2 Kf7 38. Nd4 Nb6 39. Nc6 Rae5 40. Nxe7 Rxe7 41. Re3 Rc7 42. Red3 Ke6 43. Rd6+ Ke7 44. h4 Nc4 45. Ra6 Rb7 46. Re1+ Kf7 47. Re4 Ne5 48. Rea4 Kg6 49. Rxa7 Rb2 50. Rf4 Nd3 51. Rf3 Ne5 52. Re3 Nc4 53. Ree7 Kf5 54. Rxg7 Ne3+ 55. Kf3 Nd1 56. Ra5+ Ke6 57. Kg4 Nxf2+ 58. Kf3 Nd3 59. Rga7 Ne5+ 60. Kf4 Rf2+ 61. Ke4 Re2+ 62. Kd4 Rd2+ 63. Kc3 Rg2 64. Rg7 Rg1 65. Ra6+ Kf5 66. Rd6 Rc1+ 67. Kd2 Ra1 68. Ra6 Ra2+ 69. Kc3 Rg2 70. a4 Rg1 71. a5 Rc1+ 72. Kd2 Ra1 73. Ra8 Rxa5 74. Rxa5 Ke4 75. Rxe5+ fxe5 76. Rg6 h5 77. Rg5 Kf3 78. Rxh5 e4 79. Re5 Kxg3 80. h5 e3+ 81. Kxe3 Kg2 82. h6 Kg1 83. h7 Kg2 84. Rf5 Kg1 85. h8Q Kg2 86. Qg7+ Kh1 87. Rh5# 1-0

[Event "GER-ch U18 sf Berlin Online"]
[Site "Playchess.com INT"]
[Date "2020.05.01"]
[Round "7"]
[White "Gauchel, Lorenz"]
[Black "Ermitsch, Magnus"]
[Result "0-1"]
[WhiteElo "1620"]
[BlackElo "1819"]
[PlyCount "42"]
[EventDate "2020.05.01"]
[EventType "swiss (blitz)"]
[EventRounds "13"]
[EventCountry "GER"]
[SourceTitle "CBM 195 Extra"]
[Source "ChessBase"]
[SourceDate "2020.05.31"]
[SourceVersion "1"]
[SourceVersionDate "2020.05.31"]
[SourceQuality "1"]

1. d4 Nf6 2. c4 e6 3. Nc3 Bb4 4. f3 c5 5. d5 b5 6. e4 bxc4 7. Bxc4 Nxd5 8. Bxd5 exd5 9. Qxd5 Nc6 10. Nge2 Ba6 11. Be3 0-0 12. Kf2 Re8 13. Bxc5 Re5 14. Bxb4 Rxd5 15. Nxd5 Nxb4 16. Nxb4 Qb6+ 17. Kg3 Bxe2 18. Nd5 Qd6+ 19. Kf2 Bc4 20. Ne3 Qd2+ 21. Kg3 Qxe3 0-1

[Event "GER-ch U18 sf Berlin Online"]
[Site "Playchess.com INT"]
[Date "2020.05.01"]
[Round "6"]
[White "Kempe, Caius Emilian"]
[Black "Gauchel, Lorenz"]
[Result "0-1"]
[WhiteElo "1484"]
[BlackElo "1620"]
[PlyCount "80"]
[EventDate "2020.05.01"]
[EventType "swiss (blitz)"]
[EventRounds "13"]
[EventCountry "GER"]
[SourceTitle "CBM 195 Extra"]
[Source "ChessBase"]
[SourceDate "2020.05.31"]
[SourceVersion "1"]
[SourceVersionDate "2020.05.31"]
[SourceQuality "1"]

1. b3 e5 2. Bb2 f6 3. e3 d5 4. d4 e4 5. c4 c6 6. cxd5 cxd5 7. Nc3 Nc6 8. Bb5 Be6 9. Nge2 a6 10. Bxc6+ bxc6 11. Na4 Bd6 12. Rc1 Ne7 13. 0-0 0-0 14. Nf4 Bc8 15. Nc5 Bxf4 16. exf4 Qd6 17. Qd2 Ng6 18. g3 Bh3 19. Rfe1 Rae8 20. Nxa6 Ne7 21. Nc5 f5 22. a4 Qg6 23. Qe2 Bg4 24. Qf1 Qh5 25. Ba3 Rf6 26. f3 Bxf3 27. Nd7 Rh6 28. Qf2 Qh3 29. Ne5 Bg4 30. Bxe7 Rxe7 31. Rxc6 Rxc6 32. Nxc6 Re6 33. Rc1 h5 34. Nd8 Re8 35. Nb7 e3 36. Qe1 Bf3 37. Rc2 h4 38. Rf2 exf2+ 39. Qxf2 Re1+ 40. Qxe1 Qg2# 0-1

[Event "Bezirksliga Oberbayern 1819"]
[Site "Bayern"]
[Date "2018.11.11"]
[Round "2.3"]
[White "Gauchel, Lorenz"]
[Black "Kretschel, Klaus"]
[Result "1-0"]
[WhiteElo "1958"]
[BlackElo "2011"]
[PlyCount "113"]
[EventDate "2018.10.21"]
[EventType "team-tourn"]
[EventRounds "9"]
[EventCountry "GER"]
[SourceTitle "EXT 2022"]
[Source "ChessBase"]
[SourceDate "2021.10.06"]
[SourceVersion "1"]
[SourceVersionDate "2021.10.06"]
[SourceQuality "1"]
[WhiteTeam "Germering II"]
[BlackTeam "Fuerstenfeldbruck TuS"]
[WhiteTeamCountry "GER"]
[BlackTeamCountry "GER"]

1. d4 Nf6 2. c4 e6 3. Nc3 Bb4 4. f3 d5 5. a3 Bxc3+ 6. bxc3 0-0 7. e3 c5 8. cxd5 exd5 9. Bd3 b6 10. Ne2 Ba6 11. Bb1 Nc6 12. 0-0 cxd4 13. cxd4 Na5 14. Re1 Rc8 15. Bf5 Rc6 16. Nf4 g6 17. Bh3 Bc8 18. e4 Bxh3 19. Nxh3 Kg7 20. e5 Ng8 21. Bg5 Qd7 22. Ra2 h6 23. Bh4 Rfc8 24. Nf2 Rc1 25. Qxc1 Rxc1 26. Rxc1 g5 27. Bg3 Qa4 28. Rc7 Kg6 29. Rxa7 Qxd4 30. h3 Nc6 31. Rb7 Nge7 32. Rc2 Qa4 33. Rd2 Qa5 34. Rb2 Nc8 35. Rc7 N8a7 36. Kh2 b5 37. Rd7 Qc3 38. Re2 Nd4 39. Nd1 Qd3 40. Re1 Nac6 41. Ne3 Qxa3 42. Nxd5 Ne6 43. f4 Ncd4 44. Ne7+ Kh7 45. f5 Nf4 46. Rxd4 Nh5 47. Bf2 Qxe7 48. e6 fxe6 49. fxe6 Qc7+ 50. Kg1 Nf6 51. e7 Qc6 52. Rd8 Ne8 53. Bd4 Kg6 54. Rf1 Qe4 55. Rxe8 Qxd4+ 56. Kh1 Qd3 57. Ref8 1-0

[Event "GER-ch U25 op-A"]
[Site "Willingen"]
[Date "2015.05.26"]
[Round "5"]
[White "Gauchel, Lorenz"]
[Black "Boehning, Kilian"]
[Result "0-1"]
[WhiteElo "1810"]
[BlackElo "2041"]
[PlyCount "98"]
[EventDate "2015.05.24"]
[EventType "swiss"]
[EventRounds "9"]
[EventCountry "GER"]
[SourceTitle "CBM 166 Extra"]
[Source "ChessBase"]
[SourceDate "2015.06.18"]
[SourceVersion "1"]
[SourceVersionDate "2015.06.18"]
[SourceQuality "1"]

1. d4 f5 2. g3 g6 3. Bg2 Bg7 4. c3 Nf6 5. Nf3 c6 6. 0-0 0-0 7. Qb3+ Kh8 8. Nbd2 d6 9. Re1 Ne4 10. Nxe4 fxe4 11. Ng5 d5 12. Bh3 b6 13. Be6 Qe8 14. Bxd5 cxd5 15. Qxd5 Nc6 16. Qxe4 Bf5 17. Qh4 h6 18. g4 Bd7 19. Ne4 h5 20. gxh5 gxh5 21. Ng3 Qg6 22. Qxh5+ Qxh5 23. Nxh5 e5 24. d5 Ne7 25. e4 Ng6 26. Bg5 Bg4 27. Nxg7 Kxg7 28. Re3 Nf4 29. Bxf4 exf4 30. Rd3 f3 31. h4 Bh3 32. Kh2 Bg2 33. e5 Rf4 34. Kg3 Re4 35. Re3 Rc4 36. b3 Rc5 37. d6 Kg6 38. d7 Rd5 39. e6 Rg8 40. e7 Kf7+ 41. Kf4 Rxd7 42. Rae1 Ke8 43. Re4 Rd6 44. Rc4 Rf6+ 45. Ke5 Rgg6 46. Rd1 Bh3 47. Rc7 Rf5+ 48. Ke4 Re6+ 49. Kd4 Rd6+ 0-1

[Event "GER-ch U25 op-A"]
[Site "Willingen"]
[Date "2015.05.24"]
[Round "1"]
[White "Gauchel, Lorenz"]
[Black "Leimbach, Tim Vincent"]
[Result "1-0"]
[WhiteElo "1810"]
[BlackElo "1492"]
[PlyCount "105"]
[EventDate "2015.05.24"]
[EventType "swiss"]
[EventRounds "9"]
[EventCountry "GER"]
[SourceTitle "CBM 166 Extra"]
[Source "ChessBase"]
[SourceDate "2015.06.18"]
[SourceVersion "1"]
[SourceVersionDate "2015.06.18"]
[SourceQuality "1"]

1. d4 Nf6 2. c4 e6 3. Nc3 d5 4. cxd5 exd5 5. Bg5 Be7 6. e3 0-0 7. Bd3 c6 8. Qc2 h6 9. Bh4 Re8 10. Nf3 Bg4 11. Ne5 Bh5 12. h3 c5 13. g4 cxd4 14. exd4 Bxg4 15. hxg4 Nxg4 16. Bg3 Nxe5 17. Bxe5 Bf6 18. f4 Nc6 19. 0-0-0 Nb4 20. Qg2 Nxd3+ 21. Rxd3 Bxe5 22. dxe5 Rc8 23. Qxd5 Qb6 24. Rhd1 Qa6 25. Kb1 Qb6 26. Ne4 Qc7 27. Rc3 Qe7 28. Rxc8 Rxc8 29. Nd6 Rd8 30. Rg1 Rd7 31. Nf5 Qd8 32. Nd6 Qe7 33. Qb3 Rc7 34. Rxg7+ Kxg7 35. Nf5+ Kg6 36. Nxe7+ Rxe7 37. Qc2+ f5 38. Qc5 Rh7 39. Qd6+ Kh5 40. Qf6 Kg4 41. Qg6+ Kxf4 42. Qxh7 Kxe5 43. Qxb7 f4 44. Qxa7 Ke4 45. Qh7+ Ke3 46. Qxh6 Ke4 47. Kc2 f3 48. Qf8 Ke3 49. Kc3 Ke2 50. Qxf3+ Kxf3 51. Kd4 Kf4 52. a4 Kf5 53. a5 1-0

[Event "Magdeburg op-A"]
[Site "Magdeburg"]
[Date "2014.06.11"]
[Round "6"]
[White "Maar, Samuel"]
[Black "Gauchel, Lorenz"]
[Result "1-0"]
[WhiteElo "1728"]
[BlackElo "1831"]
[PlyCount "97"]
[EventDate "2014.06.08"]
[EventType "swiss"]
[EventRounds "9"]
[EventCountry "GER"]
[SourceTitle "CBM 160 Extra"]
[Source "ChessBase"]
[SourceDate "2014.07.01"]
[SourceVersion "1"]
[SourceVersionDate "2014.07.01"]
[SourceQuality "1"]

1. c4 e5 2. g3 Nf6 3. Bg2 d5 4. cxd5 Nxd5 5. Nf3 Nc6 6. d3 Be7 7. 0-0 0-0 8. Nc3 Nb6 9. b3 Re8 10. Bb2 Bf8 11. Rc1 Bg4 12. a3 Qd7 13. b4 Nd4 14. Nxd4 exd4 15. Ne4 a5 16. f3 Be6 17. Qc2 c6 18. Nc5 Qd5 19. Nxb7 axb4 20. axb4 Na4 21. f4 Qa2 22. Bxd4 Qxc2 23. Rxc2 Bb3 24. Rxc6 Rxe2 25. Na5 Rxg2+ 26. Kxg2 Bd5+ 27. Kg1 Bxb4 28. Rfc1 Rxa5 29. Rc8+ Bf8 30. Re8 Be6 31. Ra1 f6 32. Bc3 Ra7 33. Bb4 Kf7 34. Rxf8+ Kg6 35. d4 Ra6 36. Re8 Bb3 37. g4 Rc6 38. h4 Rc2 39. Re3 Rb2 40. Ba3 Ra2 41. f5+ Kh6 42. Rxa2 Bxa2 43. Bc1 g5 44. hxg5+ fxg5 45. Re7 Nc3 46. Ba3 Bb3 47. Rb7 Ne2+ 48. Kf2 Bf7 49. Bf8# 1-0

[Event "Magdeburg op-A"]
[Site "Magdeburg"]
[Date "2014.06.10"]
[Round "4"]
[White "Thumm, Felix"]
[Black "Gauchel, Lorenz"]
[Result "1/2-1/2"]
[WhiteElo "1726"]
[BlackElo "1831"]
[PlyCount "46"]
[EventDate "2014.06.08"]
[EventType "swiss"]
[EventRounds "9"]
[EventCountry "GER"]
[SourceTitle "CBM 160 Extra"]
[Source "ChessBase"]
[SourceDate "2014.07.01"]
[SourceVersion "1"]
[SourceVersionDate "2014.07.01"]
[SourceQuality "1"]

1. d4 d5 2. Nf3 Nf6 3. e3 e6 4. Bd3 c5 5. b3 Nc6 6. a3 Be7 7. Bb2 b6 8. Nbd2 Bb7 9. 0-0 0-0 10. Ne5 Rc8 11. f4 Nxe5 12. dxe5 Ne4 13. Nxe4 dxe4 14. Bc4 Qxd1 15. Raxd1 Rfd8 16. Kf2 Rxd1 17. Rxd1 Rd8 18. Rxd8+ Bxd8 19. Ke2 Bc6 20. a4 Kf8 21. Kd2 Be7 22. Ba3 a5 23. Bb2 Ke8 1/2-1/2

[Event "Magdeburg op-A"]
[Site "Magdeburg"]
[Date "2014.06.09"]
[Round "3"]
[White "Gauchel, Lorenz"]
[Black "Schwenke, Stefan"]
[Result "1/2-1/2"]
[WhiteElo "1831"]
[BlackElo "1692"]
[PlyCount "87"]
[EventDate "2014.06.08"]
[EventType "swiss"]
[EventRounds "9"]
[EventCountry "GER"]
[SourceTitle "CBM 160 Extra"]
[Source "ChessBase"]
[SourceDate "2014.07.01"]
[SourceVersion "1"]
[SourceVersionDate "2014.07.01"]
[SourceQuality "1"]

1. d4 e6 2. Nf3 Nf6 3. c4 d5 4. Nc3 Be7 5. cxd5 exd5 6. Bg5 h6 7. Bh4 c6 8. e3 Bf5 9. Bd3 Ne4 10. Bxe7 Qxe7 11. Rb1 0-0 12. 0-0 Nd7 13. Qc2 Rfe8 14. b4 Nxc3 15. Qxc3 Bxd3 16. Qxd3 Qe4 17. Qxe4 dxe4 18. Nd2 Rac8 19. Rfc1 b6 20. Rc2 Nb8 21. Rbc1 Rcd8 22. a4 Rd5 23. b5 cxb5 24. axb5 f5 25. Rc8 Kf7 26. Rxe8 Kxe8 27. Rc8+ Rd8 28. Rxd8+ Kxd8 29. Nc4 Kc7 30. Kf1 a6 31. bxa6 Nxa6 32. Ke2 Nb4 33. Kd2 Kc6 34. Ne5+ Kd5 35. Kc3 Nc6 36. Nd7 b5 37. Kb3 f4 38. Nb6+ Kd6 39. d5 fxe3 40. fxe3 Ne5 41. Kb4 Ng4 42. Kxb5 Nxe3 43. Nc4+ Nxc4 44. Kxc4 1/2-1/2

[Event "Magdeburg op-A"]
[Site "Magdeburg"]
[Date "2014.06.08"]
[Round "1"]
[White "Gauchel, Lorenz"]
[Black "Gressmann, Hanna"]
[Result "1-0"]
[WhiteElo "1831"]
[BlackElo "1576"]
[PlyCount "115"]
[EventDate "2014.06.08"]
[EventType "swiss"]
[EventRounds "9"]
[EventCountry "GER"]
[SourceTitle "CBM 160 Extra"]
[Source "ChessBase"]
[SourceDate "2014.07.01"]
[SourceVersion "1"]
[SourceVersionDate "2014.07.01"]
[SourceQuality "1"]

1. d4 d5 2. Nf3 e6 3. c4 Be7 4. Nc3 Nf6 5. cxd5 exd5 6. Bg5 0-0 7. e3 c6 8. Bd3 h6 9. Bh4 Nbd7 10. Qc2 Qc7 11. Bg3 Bd6 12. 0-0 Bxg3 13. hxg3 Re8 14. b4 Qd6 15. b5 c5 16. dxc5 Qxc5 17. Nd4 Ne5 18. Rfd1 Nxd3 19. Rxd3 Qe7 20. Rad1 Be6 21. Qb2 Rac8 22. Nde2 g5 23. Nd4 Red8 24. Nc2 Bf5 25. R3d2 Qc7 26. Nd4 Qxc3 27. Qxc3 Rxc3 28. Nxf5 Kh7 29. Kf1 Rc5 30. Nd4 Ne4 31. Rb2 Rdc8 32. b6 a6 33. g4 Nc3 34. Rc1 Na4 35. Rxc5 Rxc5 36. Rb3 Nc3 37. a3 Ne4 38. Ke2 Nc3+ 39. Kd3 Ne4 40. f3 Nd6 41. Ne2 Nc4 42. Nc3 Na5 43. Rb4 Nc6 44. Rb2 Kg6 45. Ne2 Ra5 46. Rb3 Ne5+ 47. Kd4 Nc4 48. Nc3 Nxa3 49. Nxd5 Nb5+ 50. Ke5 Na3 51. Rc3 Nb1 52. Rc7 Rb5 53. Rxb7 Nc3 54. e4 a5 55. Kd6 Nxd5 56. exd5 a4 57. Kc6 Ra5 58. Ra7 1-0

[Event "GER-ch U12"]
[Site "Oberhof"]
[Date "2012.05.30"]
[Round "7"]
[White "Graf, Clara Victoria"]
[Black "Gauchel, Lorenz"]
[Result "1-0"]
[WhiteElo "1817"]
[BlackElo "1620"]
[PlyCount "115"]
[EventDate "2012.05.27"]
[EventType "swiss"]
[EventRounds "11"]
[EventCountry "GER"]
[SourceTitle "CBM 148 Extra"]
[Source "ChessBase"]
[SourceDate "2012.06.22"]
[SourceVersion "1"]
[SourceVersionDate "2012.06.22"]
[SourceQuality "1"]

1. e4 Nf6 2. e5 Nd5 3. d4 d6 4. exd6 exd6 5. c4 Nb6 6. Nc3 Nc6 7. Be2 Be7 8. Nf3 0-0 9. 0-0 Bg4 10. b3 Bf6 11. Be3 d5 12. c5 Nc8 13. h3 Be6 14. Qd2 N8e7 15. Bg5 Bxg5 16. Qxg5 Nf5 17. Qf4 Re8 18. Nb5 Rc8 19. Bd3 Qd7 20. Nxa7 Nxa7 21. Ne5 Qe7 22. Bxf5 Qf6 23. g4 g6 24. Qh6 Bxf5 25. gxf5 Qxf5 26. Qh4 Kg7 27. Rfe1 Re6 28. Re3 Qf6 29. Qg4 Qe7 30. Rae1 Re8 31. Kh2 Nc8 32. R1e2 Na7 33. Re1 Nc8 34. a4 Na7 35. R1e2 Nc8 36. Qf3 c6 37. Kh1 Na7 38. b4 Qc7 39. Kg2 f6 40. Ng4 Qd7 41. Qf4 Qf7 42. Rxe6 Rxe6 43. Rxe6 Qxe6 44. Qc7+ Qf7 45. Qb8 h5 46. Nh2 Qe7 47. Qxa7 Qe4+ 48. Nf3 g5 49. Qxb7+ Kg6 50. Qc7 h4 51. Qc8 Kg7 52. Qg4 Qb1 53. Qd7+ Kg6 54. Qxc6 Qe4 55. Qc8 Kg7 56. Qg4 Qe7 57. c6 Kg6 58. Nxh4+ 1-0

[Event "GER-ch U12"]
[Site "Oberhof"]
[Date "2012.05.28"]
[Round "4"]
[White "Gauchel, Lorenz"]
[Black "Lagunow, Raphael"]
[Result "1/2-1/2"]
[WhiteElo "1620"]
[BlackElo "1938"]
[PlyCount "82"]
[EventDate "2012.05.27"]
[EventType "swiss"]
[EventRounds "11"]
[EventCountry "GER"]
[SourceTitle "CBM 148 Extra"]
[Source "ChessBase"]
[SourceDate "2012.06.22"]
[SourceVersion "1"]
[SourceVersionDate "2012.06.22"]
[SourceQuality "1"]

1. d4 Nf6 2. Bf4 g6 3. e3 Bg7 4. Nf3 0-0 5. Be2 d6 6. h3 c5 7. c3 Qb6 8. Qc1 Be6 9. 0-0 Nc6 10. Nbd2 cxd4 11. Nxd4 Nxd4 12. exd4 Nd5 13. Bh2 Rfc8 14. Nf3 a5 15. a4 Bf5 16. Qd2 Nf6 17. Qc1 Ne4 18. Bf4 Be6 19. Be3 Bb3 20. Nd2 Nxd2 21. Qxd2 d5 22. Rfe1 Bc4 23. Bg4 e6 24. Be2 Bxe2 25. Qxe2 Rc4 26. Ra2 Qc6 27. Rea1 Ra6 28. Bd2 Rb6 29. Be3 Rb3 30. Qd1 Rb6 31. Qe2 Qd7 32. Bf4 Rbc6 33. Qg4 Qd8 34. Bg5 f6 35. Be3 e5 36. Qe2 Re6 37. Bd2 Qe8 38. dxe5 Rxe5 39. Qd3 Qf7 40. Be3 Rce4 41. Bb6 f5 1/2-1/2

[Event "GER-ch U12"]
[Site "Oberhof"]
[Date "2012.05.28"]
[Round "3"]
[White "Gungl, Theo"]
[Black "Gauchel, Lorenz"]
[Result "1/2-1/2"]
[WhiteElo "1820"]
[BlackElo "1620"]
[PlyCount "89"]
[EventDate "2012.05.27"]
[EventType "swiss"]
[EventRounds "11"]
[EventCountry "GER"]
[SourceTitle "CBM 148 Extra"]
[Source "ChessBase"]
[SourceDate "2012.06.22"]
[SourceVersion "1"]
[SourceVersionDate "2012.06.22"]
[SourceQuality "1"]

1. e4 c5 2. Nf3 Nc6 3. d4 cxd4 4. Nxd4 g6 5. Nc3 Bg7 6. Be3 Nf6 7. Bc4 d6 8. f3 0-0 9. Qd2 Nxd4 10. Bxd4 Bd7 11. Bb3 Rc8 12. 0-0-0 b5 13. e5 dxe5 14. Bxe5 Bc6 15. Qxd8 Rfxd8 16. a3 a6 17. Rhe1 Kf8 18. Ne2 Bb7 19. Nd4 Bd5 20. Kb1 Bxb3 21. Nxb3 Nh5 22. Bxg7+ Nxg7 23. Nd4 Rd5 24. f4 Rcd8 25. c3 Nf5 26. Re4 Nxd4 27. Rexd4 Rxd4 28. Rxd4 Rxd4 29. cxd4 Ke8 30. Kc2 Kd7 31. Kd3 Kd6 32. Ke4 Ke6 33. d5+ Kd7 34. Kd3 Kc7 35. b4 Kd7 36. Ke4 f6 37. g4 Kc7 38. Kd4 Kd6 39. h3 Kd7 40. h4 Kd6 41. h5 gxh5 42. gxh5 Kd7 43. f5 Kd6 44. h6 Kd7 45. Kc5 1/2-1/2

[Event "GER-ch U12"]
[Site "Oberhof"]
[Date "2012.05.27"]
[Round "2"]
[White "Gauchel, Lorenz"]
[Black "Pallas, Sebastian"]
[Result "1-0"]
[WhiteElo "1620"]
[BlackElo "1798"]
[PlyCount "103"]
[EventDate "2012.05.27"]
[EventType "swiss"]
[EventRounds "11"]
[EventCountry "GER"]
[SourceTitle "CBM 148 Extra"]
[Source "ChessBase"]
[SourceDate "2012.06.22"]
[SourceVersion "1"]
[SourceVersionDate "2012.06.22"]
[SourceQuality "1"]

1. d4 Nf6 2. Bf4 d5 3. e3 c5 4. c3 Nc6 5. Nf3 Qb6 6. Qc1 Bf5 7. Nbd2 h6 8. h3 e6 9. Be2 Be7 10. 0-0 0-0 11. Ne5 Rac8 12. Ndf3 Qd8 13. Rd1 c4 14. Nxc6 bxc6 15. b3 cxb3 16. Ba6 Rb8 17. Bxb8 Qxb8 18. axb3 Qxb3 19. Bd3 Ne4 20. Bxe4 dxe4 21. Nd2 Qb7 22. Qc2 Bd6 23. Rdb1 Qd7 24. Nc4 Bb8 25. Nd2 Qe7 26. Nf1 Qg5 27. Ra5 Qg6 28. Kh1 Qf6 29. Ng3 Qg6 30. Nxf5 exf5 31. Ra6 Qd6 32. g3 g5 33. Rg1 Kh8 34. f4 Qg6 35. Qg2 Qe6 36. Qa2 Qg6 37. Qe2 Rg8 38. Qa2 Qe6 39. Qe2 Qg6 40. Rg2 Qd6 41. Qc4 gxf4 42. gxf4 Rxg2 43. Kxg2 Qg6+ 44. Kh2 Qh5 45. Qf1 Qg6 46. d5 Qd6 47. Rxc6 Qd8 48. Qc4 Qh4 49. Qd4+ Kh7 50. Qd2 a5 51. d6 Bxd6 52. Rxd6 1-0

[Event "GER-ch U12"]
[Site "Oberhof"]
[Date "2012.05.27"]
[Round "1"]
[White "Peters, Theresa"]
[Black "Gauchel, Lorenz"]
[Result "0-1"]
[WhiteElo "1070"]
[BlackElo "1620"]
[PlyCount "116"]
[EventDate "2012.05.27"]
[EventType "swiss"]
[EventRounds "11"]
[EventCountry "GER"]
[SourceTitle "CBM 148 Extra"]
[Source "ChessBase"]
[SourceDate "2012.06.22"]
[SourceVersion "1"]
[SourceVersionDate "2012.06.22"]
[SourceQuality "1"]

1. d4 d5 2. Nf3 Nf6 3. Bf4 e6 4. e3 c5 5. c4 Nc6 6. Bd3 dxc4 7. Bxc4 cxd4 8. exd4 Bb4+ 9. Nc3 0-0 10. 0-0 a6 11. Ne2 b5 12. Bb3 Bb7 13. Qd3 Be7 14. a3 Na5 15. Bc2 Be4 16. Qd2 Bxc2 17. Qxc2 Rc8 18. Qd3 Nd5 19. Bg3 Qb6 20. Rac1 Rfd8 21. Nf4 Nxf4 22. Bxf4 Nc6 23. Be3 Rd5 24. Ne5 Bf6 25. Nxc6 Rxc6 26. Rxc6 Qxc6 27. Rc1 Qd7 28. g3 g6 29. Qc3 Bxd4 30. Bxd4 Rxd4 31. Qa5 Rd1+ 32. Rxd1 Qxd1+ 33. Kg2 Qd6 34. Qc3 e5 35. Kf3 Kg7 36. Ke4 f6 37. Qe3 Qc6+ 38. Kd3 Qd5+ 39. Kc3 Qc4+ 40. Kd2 Qd5+ 41. Kc3 Qc4+ 42. Kd2 Qc7 43. Qd3 Kf7 44. Qb3+ Ke7 45. Qb4+ Qd6+ 46. Qxd6+ Kxd6 47. Kc3 Kc5 48. b4+ Kd5 49. Kd3 f5 50. Kc3 Ke4 51. Kb3 Kf3 52. a4 Kxf2 53. axb5 axb5 54. Kc3 e4 55. Kd4 e3 56. Kc5 e2 57. Kxb5 e1Q 58. Ka5 Ke3 0-1

[Event "GER-ch U10"]
[Site "Oberhof"]
[Date "2010.05.29"]
[Round "11"]
[White "Gauchel, Lorenz"]
[Black "Nothnagel, Marian Can"]
[Result "1-0"]
[WhiteElo "1451"]
[BlackElo "1211"]
[PlyCount "139"]
[EventDate "2010.05.22"]
[EventType "swiss"]
[EventRounds "11"]
[EventCountry "GER"]
[SourceTitle "CBM 136 Extra"]
[Source "ChessBase"]
[SourceDate "2010.07.02"]
[SourceVersion "2"]
[SourceVersionDate "2010.07.15"]
[SourceQuality "1"]

1. d4 d6 2. Bf4 Nd7 3. e3 g6 4. Nf3 Bg7 5. h3 Ngf6 6. Be2 0-0 7. 0-0 Re8 8. a4 Nh5 9. Bh2 b6 10. Nbd2 Bb7 11. a5 bxa5 12. Nc4 Nb6 13. Nxa5 Qc8 14. Nxb7 Qxb7 15. Qd2 f5 16. Ng5 Nf6 17. Ne6 Ne4 18. Qd1 Kf7 19. Nxg7 Kxg7 20. Bf3 e5 21. dxe5 dxe5 22. Qd3 Qd5 23. Bxe4 fxe4 24. Qxd5 Nxd5 25. Rfd1 Nb6 26. Ra5 Nc4 27. Rc5 Nxb2 28. Rd7+ Kg8 29. Rcxc7 Red8 30. g4 Rxd7 31. Rxd7 a5 32. Bxe5 Nc4 33. Bd4 a4 34. Ra7 Rxa7 35. Bxa7 a3 36. Bd4 Kf7 37. Kf1 Ke6 38. Ke1 Kd5 39. Kd1 Kc6 40. Kc1 Kb5 41. Kb1 Ka4 42. Ka2 Nd2 43. Bc5 Nf1 44. Bxa3 Nd2 45. Bc5 Nf3 46. Kb2 Ng1 47. h4 Nh3 48. Kc3 Nxf2 49. g5 Kb5 50. Bd6 Kc6 51. Bg3 Nh1 52. Be1 Kc5 53. Kb3 Kd5 54. Kb4 Ke5 55. Kb5 Kf5 56. c4 Kg4 57. c5 Kf3 58. c6 Kxe3 59. c7 Ke2 60. Bb4 Ng3 61. c8Q Nf5 62. Qc4+ Kf3 63. Qg8 Nxh4 64. Qxh7 Kg4 65. Bd2 Nf3 66. Bc1 Nd4+ 67. Kc4 Ne2 68. Qxg6 Nxc1 69. Qxe4+ Kxg5 70. Qe3+ 1-0